Elementary linear algebra

Saved in:
Bibliographic Details
Main Author: Hill, Richard O.
Format: Book
Language:English
Published: Orlando, Fla. : Academic Press College Division, c1986
Subjects:
Tags: Add Tag
No Tags, Be the first to tag this record!

MARC

LEADER 00000nam a2200000 i 4500
001 1/40182
008 971113s1986 eng d
020 |a 012348460X 
035 |l 10041191 
035 |a 1997  |c ΔΩΡΕΑ ΤΖΑΦΕΡΗ 
040 |a GR-MY-UA  |b gre  |e aacr 
041 0 |a eng 
082 0 |a 512.5 
100 1 |a Hill, Richard O. 
245 1 0 |a Elementary linear algebra /  |c Richard O. Hill, Jr. 
260 |a Orlando, Fla. :   |b Academic Press College Division,   |c c1986 
300 |a ix, 404 p.;  |b ill. (some col.);  |c 25 cm. 
500 |a Bibliography: p. 377-378 
500 |a Includes index 
650 0 0 |a Algebras, Linear. 
852 |a INST  |b SAMOS  |e 19971113  |h 512.5 HIL  |p 005300008519  |q 005300008519  |t BK  |y 0 
901 |a BIBL-1997-2 
909 |a Σ  |b 050481